All Countries, Capitals, and Disputed Areas and Territories - Statistics

General Stats
  • This quiz has been taken 57 times
  • The average score is 330 of 495
Answer Stats
Answer % Correct
Belize
86%
Central African Republic
86%
Dominican Republic
86%
Nicaragua
86%
Panama
86%
Panama City
86%
St. Lucia
86%
Albania
83%
Antigua and Barbuda
83%
Argentina
83%
Bahamas
83%
Bahrain
83%
Bolivia
83%
Brazil
83%
Canada
83%
Chile
83%
Colombia
83%
Democratic Republic of the Congo
83%
Dominica
83%
Ecuador
83%
El Salvador
83%
French Guiana
83%
Grenada
83%
Guatemala
83%
Guatemala City
83%
Guyana
83%
Honduras
83%
India
83%
Iran
83%
Iraq
83%
Mexico
83%
Mexico City
83%
Oman
83%
Paraguay
83%
Peru
83%
St. Kitts and Nevis
83%
St. Vincent and the Grenadines
83%
Tajikistan
83%
Trinidad and Tobago
83%
United States
83%
Uruguay
83%
Venezuela
83%
Yemen
83%
Andorra
81%
Armenia
81%
Austria
81%
Azerbaijan
81%
Bulgaria
81%
Cambodia
81%
China
81%
Croatia
81%
Denmark
81%
Egypt
81%
Georgia
81%
Haiti
81%
Hungary
81%
Ireland
81%
Isle of Man
81%
Israel
81%
Italy
81%
Jamaica
81%
Jordan
81%
Kazakhstan
81%
Kenya
81%
Kosovo
81%
Kuwait
81%
Kuwait City
81%
Kyrgyzstan
81%
Laos
81%
Latvia
81%
Liechtenstein
81%
Luxembourg
81%
Myanmar
81%
Netherlands
81%
North Korea
81%
Norway
81%
Ottawa
81%
Pakistan
81%
Republic of the Congo
81%
Rome
81%
Russia
81%
San Marino
81%
Saudi Arabia
81%
Singapore
81%
Slovakia
81%
Slovenia
81%
South Korea
81%
Suriname
81%
Sweden
81%
Thailand
81%
Tunis
81%
Turkey
81%
Turkmenistan
81%
United Arab Emirates
81%
United Kingdom
81%
Uzbekistan
81%
Vietnam
81%
Washington D.C.
81%
Afghanistan
78%
Algeria
78%
American Samoa
78%
Asuncion
78%
Australia
78%
Bangladesh
78%
Barbados
78%
Beijing
78%
Belarus
78%
Belgium
78%
Benin
78%
Berlin
78%
Bern
78%
Bhutan
78%
Brasilia
78%
Buenos Aires
78%
Burundi
78%
Caracas
78%
Costa Rica
78%
Côte d’Ivoire
78%
Czechia
78%
Djibouti
78%
Equatorial Guinea
78%
Eritrea
78%
Estonia
78%
Eswatini
78%
Ethiopia
78%
Fiji
78%
Finland
78%
France
78%
Gabon
78%
Greece
78%
Guinea
78%
Guinea-Bissau
78%
Iceland
78%
Kiribati
78%
Lebanon
78%
Lesotho
78%
Liberia
78%
Libya
78%
Lima
78%
Lithuania
78%
Madagascar
78%
Malaysia
78%
Maldives
78%
Malta
78%
Moldova
78%
Mongolia
78%
Montenegro
78%
Montevideo
78%
Nepal
78%
New Delhi
78%
New Zealand
78%
Niger
78%
Nigeria
78%
North Macedonia
78%
Papua New Guinea
78%
Paris
78%
Philippines
78%
Qatar
78%
Quito
78%
Romania
78%
Rwanda
78%
Samoa
78%
Santiago
78%
Serbia
78%
Seychelles
78%
Sierra Leone
78%
Sofia
78%
Somalia
78%
South Africa
78%
Syria
78%
Taiwan
78%
Tanzania
78%
Tonga
78%
Tunisia
78%
Uganda
78%
Ukraine
78%
Vatican City
78%
Vienna
78%
Abu Dhabi
75%
Amman
75%
Amsterdam
75%
Angola
75%
Baku
75%
Bangkok
75%
Bogota
75%
Bosnia and Herzegovina
75%
Botswana
75%
Bratislava
75%
Brussels
75%
Budapest
75%
Cairo
75%
Cameroon
75%
Chad
75%
Comoros
75%
Copenhagen
75%
Cuba
75%
Cyprus
75%
Doha
75%
Dublin
75%
East Timor
75%
Gambia
75%
Germany
75%
Ghana
75%
Havana
75%
Indonesia
75%
Japan
75%
Kabul
75%
Kathmandu
75%
Kingston
75%
Kingstown
75%
London
75%
Madrid
75%
Manila
75%
Marshall Islands
75%
Mauritania
75%
Mauritius
75%
Micronesia
75%
Minsk
75%
Monaco
75%
Morocco
75%
Mozambique
75%
Namibia
75%
Nassau
75%
Nauru
75%
Palau
75%
Poland
75%
Port-au-Prince
75%
Portugal
75%
Pyongyang
75%
San Salvador
75%
Santo Domingo
75%
Sao Tome and Principe
75%
Seoul
75%
Solomon Islands
75%
South Sudan
75%
Spain
75%
Sudan
75%
Switzerland
75%
Taipei
75%
Tashkent
75%
Tbilisi
75%
Togo
75%
Tuvalu
75%
Vanuatu
75%
Yerevan
75%
Zagreb
75%
Zambia
75%
Zimbabwe
75%
Algiers
72%
Astana
72%
Athens
72%
Belgrade
72%
Brunei
72%
Canberra
72%
Chisinau
72%
Dakar
72%
Hanoi
72%
Kyiv
72%
Lisbon
72%
Ljubljana
72%
Luanda
72%
Malawi
72%
Mali
72%
Moscow
72%
Nairobi
72%
Oslo
72%
Paramaribo
72%
Prague
72%
Reykjavik
72%
Riga
72%
Riyadh
72%
Roseau
72%
Sana'a
72%
San Jose
72%
Skopje
72%
Sri Lanka
72%
Stockholm
72%
Tirana
72%
Ulaanbaatar
72%
Vaduz
72%
Abuja
69%
Addis Ababa
69%
Ankara
69%
Asmara
69%
Baghdad
69%
Beirut
69%
Belmopan
69%
Bishkek
69%
Brazzaville
69%
Bridgetown
69%
Bucharest
69%
Burkina Faso
69%
Damascus
69%
Dhaka
69%
Freetown
69%
Harare
69%
Helsinki
69%
Islamabad
69%
Jakarta
69%
Jerusalem
69%
Kampala
69%
Kigali
69%
Kinshasa
69%
La Paz
69%
Lome
69%
Male
69%
Managua
69%
Manama
69%
Muscat
69%
Podgorica
69%
Port of Spain
69%
Pristina
69%
Puerto Rico
69%
Sarajevo
69%
Senegal
69%
St. John's
69%
Tallinn
69%
Tokyo
69%
Tripoli
69%
Vilnius
69%
Accra
67%
Andorra la Vella
67%
Ashgabat
67%
Dodoma
67%
Juba
67%
Khartoum
67%
Kuala Lumpur
67%
Lusaka
67%
Maputo
67%
Mogadishu
67%
Niamey
67%
Nicosia
67%
Port Louis
67%
Pretoria
67%
Rabat
67%
St. George's
67%
Tegucigalpa
67%
Tehran
67%
Valletta
67%
Warsaw
67%
Wellington
67%
Windhoek
67%
Bamako
64%
Basseterre
64%
Bissau
64%
Cape Town
64%
Conakry
64%
Dili
64%
Dushanbe
64%
Gaborone
64%
Georgetown
64%
Gibraltar
64%
Malabo
64%
Monrovia
64%
Moroni
64%
N'Djamena
64%
Phnom Penh
64%
Port Moresby
64%
Sucre
64%
Thimphu
64%
Victoria
64%
Vientiane
64%
Yaoundé
64%
Antananarivo
61%
Apia
61%
Aruba
61%
Bandar Seri Begawan
61%
Banjul
61%
Bermuda
61%
Cabo Verde
61%
Castries
61%
Cayman Islands
61%
Greenland
61%
Guam
61%
Hong Kong
61%
Libreville
61%
Lilongwe
61%
Maseru
61%
Mbabane
61%
Ouagadougou
61%
Porto Novo
61%
Port Vila
61%
Suva
61%
Abkhazia
58%
British Virgin Islands
58%
Cook Islands
58%
Falkland Islands
58%
Funafuti
58%
Gitega
58%
Nouakchott
58%
Nuku'Alofa
58%
Praia
58%
South Ossetia
58%
South Tarawa
58%
U.S. Virgin Islands
58%
Western Sahara
58%
Yamoussoukro
58%
Yaren
58%
Curacao
56%
French Polynesia
56%
Gaza Strip
56%
Honiara
56%
Naypyidaw
56%
Ngerulmud
56%
Palikir
56%
Saint Martin
56%
Bloemfontein
53%
Guadeloupe
53%
Guernsey
53%
Jersey
53%
Macau
53%
Martinique
53%
St. Helena
53%
Transnistria
53%
Anguilla
50%
Christmas Island
50%
New Caledonia
50%
Niue
50%
Sint Maarten
50%
Sri Jayawardenepura Kotte
50%
St. Pierre and Miquelon
50%
Bonaire
47%
Faroe Islands
47%
Majuro
47%
Mayotte
47%
Northern Cyprus
47%
Northern Mariana Islands
47%
Pitcairn Islands
47%
St. Barthelemy
47%
Turks and Caicos Islands
47%
Cocos Islands
44%
Cotonou
44%
Easter Island
44%
Montserrat
44%
Reunion
44%
Tokelau
44%
Colombo
42%
Saba
42%
Somaliland
42%
Svalbard
42%
Wallis and Futuna
42%
Ascension Island
39%
Azores
39%
Canary Islands
39%
Crimea
39%
Tibet
39%
Sint Eustatius
36%
Tristan da Cunha
36%
West Bank
36%
Galapagos Islands
33%
Madeira
33%
Åland Islands
31%
British Indian Ocean Territory
31%
Akrotiri
25%
Catalonia
25%
Jan Mayen
25%
Bougainville
22%
Jammu and Kashmir
22%
Artsakh
19%
Clipperton Island
19%
Coral Sea Islands
19%
Melilla
19%
Socotra
19%
Andaman and Nicobar Islands
17%
Ashmore and Cartier Islands
17%
Cueta
17%
Inner Mongolia
14%
Lobamba
14%
Paracel Islands
14%
Spratly Islands
14%
Bangul
11%
Chatham Islands
11%
Darfur
11%
Karakalpakstan
11%
East Turkestan
8%
Europa Island
6%
San Andres and Providencia
6%
U.S. Minor Outlying Islands
6%
Auckland Island
3%
Bassas da India
3%
Bear Island
3%
Dhekelia Cantonment
3%
Gloriosa Island
3%
Isla del Coco
3%
Juan Fernandez Islands
3%
Lappland
3%
Revillagigedo Islands
3%
Tromelin
3%
No matching quizzes found
Score Distribution
Percent of People with Each Score
Percentile by Number Answered
Your Score History
You have not taken this quiz